Catálogo
 En Linea

Dans l´architecture et la sculpture slaves. (Registro nro. 33997)

Detalles MARC
000 -CABECERA
campo de control de longitud fija 00365nam a2200133 a 4500
001 - NÚMERO DE CONTROL
campo de control 000034506
005 - FECHA Y HORA DE LA ÚLTIMA TRANSACCIÓN
campo de control 20200930073734.0
008 - DATOS DE LONGITUD FIJA--INFORMACIÓN GENERAL
campo de control de longitud fija 111005s1981 a 000 0 spa d
020 ## - NÚMERO INTERNACIONAL ESTÁNDAR DEL LIBRO
Número Internacional Estándar del Libro 9232019043
040 ## - FUENTE DE LA CATALOGACIÓN
Centro catalogador/agencia de origen DO-SdBNP
Lengua de catalogación spa
Centro/agencia transcriptor BNPHU
245 00 - MENCIÓN DE TÍTULO
Título Dans l´architecture et la sculpture slaves.
260 ## - PUBLICACIÓN, DISTRIBUCIÓN, ETC.
Lugar de publicación, distribución, etc. Paris :
Nombre del editor, distribuidor, etc. Unesco,
Fecha de publicación, distribución, etc. 1981.
300 ## - DESCRIPCIÓN FÍSICA
Extensión 298 p. :
Otras características físicas ils. ;
Dimensiones 27 cm.
Existencias
Estado de retiro Estado de pérdida Restricciones de uso No para préstamo Código de colección Localización permanente Ubicación/localización actual Ubicación en estantería Fecha de adquisición Número de inventario Total de préstamos Signatura topográfica completa Código de barras Fecha visto por última vez Precio válido a partir de Tipo de ítem Koha
        Monografías: Libros y Folletos General General En catalogación 05.10.2011 LF1   34506-10 25.06.2020 25.06.2020 Préstamo en sala

Con tecnología Koha